| 000 | 00330 a2200121 4500 | ||
|---|---|---|---|
| 001 | 92367 | ||
| 082 | _aPR 2566 | ||
| 090 |
_c44336 _d44337 |
||
| 100 | _aSyed Azmat, Prof Dr.Nadeem and M. Umer | ||
| 245 |
_aDesign and Analysis of Flapping Wing Micro Air Vehicle _n79 'A' EC |
||
| 260 |
_aIslamabad _bNUST _c2015 |
||
| 300 | _axii,67p | ||
| 942 |
_aCAE NUST _kPR 2566 |
||
| 999 |
_c327440 _d327440 |
||